| 000 | 01127cam a2200325 a 4500 | ||
|---|---|---|---|
| 999 |
_c10521 _d10521 |
||
| 001 | 11997441 | ||
| 003 | OSt | ||
| 005 | 20191221143144.0 | ||
| 008 | 000314s2000 ii 001 0 eng | ||
| 010 | _a 99949602 | ||
| 020 | _a8174762663 | ||
| 020 | _a9788174762665 | ||
| 025 | _aI-E-99-949602; 584-13 | ||
| 035 | _a(DLC) 99949602 | ||
| 037 |
_bLibrary of Congress -- New Delhi Field Office _cRs395.00 |
||
| 040 |
_aDLC _coclc _dDLC |
||
| 042 | _alcode | ||
| 043 | _aa-ii--- | ||
| 082 | 0 | 0 |
_a332.0954 _221 _bRED/M |
| 100 |
_aReddy, Y Venugopal _9665 |
||
| 245 | 1 | 0 |
_aMonetary and Financial Sector Reforms in India : _bA Central Banker's Perspective / _cY Venugopal Reddy |
| 260 |
_aNew Delhi : _bUBS Publishers' Distributors, _c2000. |
||
| 300 | _a365 p | ||
| 500 | _aIncludes index. | ||
| 650 | 0 |
_aFinancial institutions _xGovernment policy _zIndia. |
|
| 650 | 0 |
_aMonetary policy _zIndia. |
|
| 906 |
_a7 _bcbc _corigode _d3 _encip _f19 _gy-gencatlg |
||
| 942 |
_2ddc _cBK _h332.0954 _iRED/M _k332.0954 _mRED/M |
||